|
|
|
|
| LEADER |
00000nam0a2200000 4500 |
| 001 |
303840 |
| 005 |
20231102001637.0 |
| 035 |
|
|
|a (RuTPU)RU\TPU\book\329068
|
| 090 |
|
|
|a 303840
|
| 100 |
|
|
|a 20150905d1983 m y0rusy50 ca
|
| 101 |
0 |
|
|a rus
|
| 102 |
|
|
|a RU
|
| 105 |
|
|
|a a j 001zy
|
| 200 |
1 |
|
|a Проектирование цифроаналогового канала автоматических систем управления
|e конспект лекций
|f В. И. Кнышев, Н. Н. Колесов
|g Саратовский политехнический институт (СПИ)
|
| 210 |
|
|
|a Саратов
|c Изд-во СПИ
|d 1983
|
| 215 |
|
|
|a 52 с.
|c ил.
|
| 320 |
|
|
|a Библиография в конце книги
|
| 606 |
1 |
|
|a Автоматические системы управления
|x Проектирование
|2 stltpush
|3 (RuTPU)RU\TPU\subj\842
|9 29648
|
| 610 |
1 |
|
|a цифроаналоговые системы
|
| 610 |
1 |
|
|a проектирование
|
| 610 |
1 |
|
|a учебные пособия
|
| 610 |
1 |
|
|a объекты управления
|
| 610 |
1 |
|
|a устройства связи
|
| 610 |
1 |
|
|a управляющие вычислительные машины
|
| 610 |
1 |
|
|a цифроаналоговые преобразователи
|
| 610 |
1 |
|
|a выходные характеристики
|
| 675 |
|
|
|a 681.51.001.6(075.8)
|v 4
|
| 700 |
|
1 |
|a Кнышев
|b В. И.
|g Валентин Иванович
|
| 701 |
|
1 |
|a Колесов
|b Н. Н.
|g Николай Николаевич
|
| 712 |
0 |
2 |
|a Саратовский политехнический институт (СПИ)
|c (1960-1992)
|2 stltpush
|3 (RuTPU)RU\TPU\col\283
|
| 801 |
|
1 |
|a RU
|b 63413507
|c 20150905
|
| 801 |
|
2 |
|a RU
|b 63413507
|c 20190419
|g RCR
|
| 942 |
|
|
|c BK
|